00448nam a22001577a 450000500170000001000170001702000270003403500170006103700150007808200130009310000150010624500450012126000360016627000580020230000300026020180423124114.0 aB-691565-566 c1095.00a9788131606261 aB-691565-566 bR.K.Books  a306.0954 aAhuja, Ram aSocial problems in India /cby Ram Ahuja aDelhibRawat Publicationsc2017 asatayam Apts., Sector3, Jawahar NagarbJaipure302004 axi,389 pages c23 cm (Hb)